|
|
|
|
| LEADER |
00000cam a2200000 7i4500 |
| 001 |
0000005776 |
| 005 |
20240913.0 |
| 008 |
000127 my may |
| 020 |
|
|
|a 983624932X (pbk)
|
| 040 |
|
|
|a INS
|b eng
|e rda
|
| 090 |
0 |
0 |
|a RQC5
|b .K37 1995
|
| 245 |
0 |
0 |
|a Kamus fizik :
|b fizik moden
|c editor Zubaidi Abas
|
| 264 |
|
1 |
|a Kuala Lumpur :
|b Dewan Bahasa dan Pustaka
|c 1995
|
| 300 |
|
|
|a xv, 94 pages ;
|c 22 cm.
|
| 336 |
|
|
|a text
|2 rdacontent
|
| 337 |
|
|
|a unmediated
|2 rdamedia
|
| 338 |
|
|
|a volume
|2 rdacarrier
|
| 490 |
0 |
|
|a Siri kamus istilah mabbim
|
| 650 |
0 |
0 |
|a Physics
|x Dictionaries
|
| 700 |
0 |
|
|a Zubaidi Abas ,
|e editor
|
| 710 |
1 |
|
|a Dewan Bahasa dan Pustaka
|
| 999 |
|
|
|a 0000006488
|b BOOK
|c Red Spot
|e Default branch
|
| 999 |
|
|
|a 0000006890
|b BOOK
|c Red Spot
|e Default branch
|